000 00449nam a2200145 4500
999 _c6177
_d6177
008 170211b xxu||||| |||| 00| 0 eng d
082 _aDPer 910.5 T69 Jan-Aug 2015 v. 1-4
100 _918660
_aRotaru, Roxana
245 _aRomania/
_cRoxana Rotaru.
260 _aPhilippines:
_bOne Mega Group,
_c©2015.
300 _av1, page 52:
_biIllustrations;
_c28 cm.
500 _aTravel Now.
650 0 _918661
_aTourist trade
_zRomania
942 _2ddc
_cPER